Score 0/11 Timer 03:00
0 Plays Today
Hint Answer % Correct
Who is reading Erin's diary in the opening scene of the first episode? Orla
93.6%
Who has directed every episode so far?Lisa McGee
35.5%
What physical activity does Orla show off at the school talent show? Her mother reckons she can go 'all the way' with it. Aerobics
35%
At a Quinn family wedding, what song by The Hughes Corporation do the girls excitedly dance to? Rock The Boat
29.1%
Kamal walks 25 miles every morning, which is the same as walking from Derry to where, according to Clare?Ballybofey
25.1%
What American series do Derry folk not appear on, with Erin claiming they're 'too pasty'?Baywatch
18.1%
Who plays the incredibly boring Uncle Colm?Kevin McAleer
7.2%
On which Derry pub is the iconic Derry Girls mural?Badgers
7.2%
At which Station of the Cross did Granda Joe meet his new love interest in Season 1?Jesus Falls For The Second Time
6.1%
What real world school is the Derry Girls school based on?Thornhill College
6%
In 2019, which media company gave the show an award for Best Scripted Comedy?Royal Television Society
0.8%
Remove Ads.
Support Sporcle.
Get the best of Sporcle when you Go Orange. This ad-free experience offers more features, more stats, and more fun while also helping to support Sporcle. Thank you for becoming a member.

You're not logged in!

Compare scores with friends on all Sporcle quizzes.
OR
Log In

Sporcle TV

Today on Sporcle TV


Watch our educational content, quiz creation guides, and fun videos on Sporcle TV.

Show Comments

Extras

Created Apr 28, 2020ReportNominate
Tags:full, girl, mark, Mastermind

Top Quizzes Today


Score Distribution

Paid Content

Your Account Isn't Verified!

In order to create a playlist on Sporcle, you need to verify the email address you used during registration. Go to your Sporcle Settings to finish the process.

Report this User

Report this user for behavior that violates our Community Guidelines.

Details: